000 00429nam a2200169Ia 4500
008 210210b1928 xxu||||| |||| 00| 0 eng d
041 _aeng
082 _a825/479
100 _aKELLETT (E E)
245 _aReconsiderations: literary essays
260 _aCambridge
_bAt the University Press
_c1928
650 _aReconsiderations:
650 _aliterary
650 _aessays
690 _aEnglish Criticism
906 _a014796
999 _c134016
_d134016